| 000 | 00649cam a22002174a 4500 | ||
|---|---|---|---|
| 999 |
_c12432 _d12432 |
||
| 003 | OSt | ||
| 005 | 20240117093930.0 | ||
| 008 | 050930r20061925nyua 001 0 eng | ||
| 020 | _a9780486447520 | ||
| 082 | 0 | 0 |
_a742 _222 _bNOR |
| 100 | 1 | _aNorton, Dora Miriam. | |
| 245 | 1 | 0 |
_aFreehand perspective and sketching / _cDora Miriam Norton. |
| 250 | _aDover ed. | ||
| 260 |
_aMineola, N.Y. : _bDover Publications, _c2006. |
||
| 300 |
_axiii, 175 p. : _bill. ; _c24 cm. |
||
| 500 | _aOriginally published: 8th ed. Brooklyn : D.M. Norton, 1925. | ||
| 500 | _aIncludes index. | ||
| 650 | 0 | _aPerspective. | |
| 650 | 0 |
_aDrawing _xTechnique. |
|
| 942 | _2ddc | ||